000 005180000a22001930004500
001 002063
003 MACL
005 20150729174738.0
008 150729b xxu||||| |||| 00| 0 eng d
040 _aMACL
_cMACL
041 _aEnglish
082 _a294.592/SHA
100 _aSharma, O.P
_93366
245 _aGira In Action Indian Insight Into The Management Of Self
_cO.P Sharma
260 _aNew Delhi
_bSelf Is The cause & Self Is The Effect
350 _a220
650 _aReligion
_93367
942 _k295
_cBK
_2ddc
999 _c13979
_d13979